[Event "SVK-ch U12"]
[Site "Dudince"]
[Date "2023.04.23"]
[Round "9"]
[White "Zelenka, Matej"]
[Black "Livnansky, Michal"]
[Result "1-0"]
[WhiteElo "1535"]
[BlackElo "1409"]
[PlyCount "27"]
[EventDate "2023.04.16"]
[EventType "swiss"]
[EventRounds "9"]
[EventCountry "SVK"]
[SourceTitle "CBM 213 Extra"]
[Source "ChessBase"]
[SourceDate "2023.05.31"]
[SourceVersion "1"]
[SourceVersionDate "2023.05.31"]
[SourceQuality "1"]

1. e4 c5 2. Nf3 a6 3. a3 Nc6 4. d4 cxd4 5. Nxd4 g6 6. Nc3 Bg7 7. Be3 Nf6 8. Nxc6 bxc6 9. e5 Ng8 10. Bd4 c5 11. Bxc5 Bxe5 12. Qd5 Bxc3+ 13. bxc3 Rb8 14. Qe5 1-0

[Event "SVK-ch U12"]
[Site "Dudince"]
[Date "2023.04.16"]
[Round "1"]
[White "Zelenka, Matej"]
[Black "Bittner, Samuel"]
[Result "1-0"]
[WhiteElo "1535"]
[BlackElo "1239"]
[PlyCount "52"]
[EventDate "2023.04.16"]
[EventType "swiss"]
[EventRounds "9"]
[EventCountry "SVK"]
[SourceTitle "CBM 213 Extra"]
[Source "ChessBase"]
[SourceDate "2023.05.31"]
[SourceVersion "1"]
[SourceVersionDate "2023.05.31"]
[SourceQuality "1"]

1. e4 e5 2. Nf3 Nc6 3. Nc3 Nf6 4. Bb5 Bb4 5. d3 d6 6. 0-0 0-0 7. Bg5 Ne7 8. Bxf6 gxf6 9. Qe2 c6 10. Ba4 Bg4 11. h3 Bh5 12. g4 Bg6 13. a3 Bxc3 14. bxc3 Qa5 15. Bb3 Qxc3 16. Kh1 d5 17. h4 h5 18. Rg1 hxg4 19. Nh2 Bh5 20. Nxg4 Kh8 21. Qe3 Bxg4 22. Qh6+ Kg8 23. Rxg4+ Ng6 24. Rxg6+ fxg6 25. Qxg6+ Kh8 26. Rg1 Rg8 1-0

[Event "SVK-chT2B 2223"]
[Site "Slovakia"]
[Date "2023.03.25"]
[Round "10.8"]
[White "Rybar, Peter"]
[Black "Zelenka, Matej"]
[Result "1/2-1/2"]
[WhiteElo "1591"]
[BlackElo "1499"]
[PlyCount "53"]
[EventDate "2022.10.08"]
[EventType "team-tourn"]
[EventRounds "11"]
[EventCountry "SVK"]
[SourceTitle "EXT 2024"]
[Source "ChessBase"]
[SourceDate "2023.10.10"]
[SourceVersion "1"]
[SourceVersionDate "2023.10.10"]
[SourceQuality "1"]
[WhiteTeam "Surany"]
[BlackTeam "Dubnica nad Vahom III"]
[WhiteTeamCountry "SVK"]
[BlackTeamCountry "SVK"]

1. d4 d5 2. c4 dxc4 3. Nc3 Nf6 4. e4 e5 5. dxe5 Qxd1+ 6. Kxd1 Ng4 7. Nh3 Nxe5 8. f4 Bg4+ 9. Be2 Bxe2+ 10. Kxe2 Nd3 11. Nf2 Nxf2 12. Kxf2 Bc5+ 13. Be3 Bxe3+ 14. Kxe3 Nc6 15. Rad1 Rd8 16. e5 Nb4 17. Rxd8+ Kxd8 18. Kd4 Nc2+ 19. Kxc4 Ne3+ 20. Kd3 Nxg2 21. Ke4 Nh4 22. Rg1 g6 23. Rd1+ Kc8 24. Nd5 c6 25. Nf6 Rd8 26. Rxd8+ Kxd8 27. Nxh7 1/2-1/2

[Event "SVK-chT3B2 2223"]
[Site "Slovakia"]
[Date "2022.10.23"]
[Round "1.4"]
[White "Zelenka, Matej"]
[Black "Kucharek, Tibor"]
[Result "0-1"]
[WhiteElo "1486"]
[BlackElo "1687"]
[PlyCount "44"]
[EventDate "2022.10.23"]
[EventType "team-tourn"]
[EventRounds "11"]
[EventCountry "SVK"]
[SourceTitle "EXT 2024"]
[Source "ChessBase"]
[SourceDate "2023.10.10"]
[SourceVersion "1"]
[SourceVersionDate "2023.10.10"]
[SourceQuality "1"]
[WhiteTeam "Dubnica nad Vahom IV"]
[BlackTeam "Dubnica nad Vahom V"]
[WhiteTeamCountry "SVK"]
[BlackTeamCountry "SVK"]

1. d4 Nf6 2. Nf3 e6 3. Bf4 d5 4. e3 c5 5. c3 Nc6 6. Nbd2 Bd6 7. Bg3 0-0 8. Bd3 cxd4 9. cxd4 Bxg3 10. hxg3 e5 11. dxe5 Re8 12. Qc2 h6 13. 0-0-0 Nxe5 14. Nxe5 Rxe5 15. Nc4 Rh5 16. Rhe1 Qc7 17. Qe2 Bg4 18. f3 dxc4 19. Bb1 Bf5 20. g4 Qf4 21. Rd2 Bd3 22. Qd1 Re5 0-1

[Event "Piestany Slovakia op-B"]
[Site "Piestany"]
[Date "2022.07.16"]
[Round "7"]
[White "Orvisky, Vladimir"]
[Black "Zelenka, Matej"]
[Result "0-1"]
[WhiteElo "1701"]
[BlackElo "1416"]
[PlyCount "60"]
[EventDate "2022.07.11"]
[EventType "swiss"]
[EventRounds "9"]
[EventCountry "SVK"]
[SourceTitle "CBM 209 Extra"]
[Source "ChessBase"]
[SourceDate "2022.09.30"]
[SourceVersion "1"]
[SourceVersionDate "2022.09.30"]
[SourceQuality "1"]

1. c4 c6 2. d4 d5 3. Nc3 Bf5 4. cxd5 cxd5 5. Qb3 Nc6 6. Nf3 b6 7. Qxd5 Qxd5 8. Nxd5 0-0-0 9. Ne3 Be4 10. Ne5 Nxe5 11. dxe5 e6 12. Bd2 Bc5 13. Rc1 Kb7 14. f3 Bg6 15. Nc4 Ne7 16. b4 Rxd2 17. Nxd2 Bxb4 18. e4 Rd8 19. Rd1 Nc6 20. Bb5 Nxe5 21. Ke2 a6 22. Ba4 f5 23. Bc2 Nc6 24. Nb3 Rxd1 25. Kxd1 f4 26. Ke2 e5 27. Rd1 Kc7 28. Nc1 Nd4+ 29. Kd3 Be8 30. Bb1 Bb5# 0-1

[Event "Piestany Slovakia op-B"]
[Site "Piestany"]
[Date "2022.07.14"]
[Round "5"]
[White "Kollarik, Gorazd"]
[Black "Zelenka, Matej"]
[Result "1/2-1/2"]
[WhiteElo "1751"]
[BlackElo "1416"]
[PlyCount "55"]
[EventDate "2022.07.11"]
[EventType "swiss"]
[EventRounds "9"]
[EventCountry "SVK"]
[SourceTitle "CBM 209 Extra"]
[Source "ChessBase"]
[SourceDate "2022.09.30"]
[SourceVersion "1"]
[SourceVersionDate "2022.09.30"]
[SourceQuality "1"]

1. d4 d5 2. Nf3 Nf6 3. c4 dxc4 4. Nc3 e6 5. e3 Be7 6. Bxc4 0-0 7. 0-0 c5 8. Qc2 Nc6 9. Rd1 Nb4 10. Qe2 Qc7 11. dxc5 Bxc5 12. a3 Nc6 13. b4 Bb6 14. Bb2 a6 15. Rd2 Bd7 16. Rad1 Rfd8 17. Ba2 Na7 18. Rc1 Rac8 19. Rdc2 Qb8 20. h3 Nb5 21. Nxb5 Bxb5 22. Bc4 Ba4 23. Rd2 Ne4 24. Rxd8+ Rxd8 25. Bd3 Nd6 26. Bd4 Bxd4 27. Nxd4 Ne8 28. Nf3 1/2-1/2

[Event "Liptovsky Jan op"]
[Site "Liptovsky Jan"]
[Date "2022.06.25"]
[Round "4.36"]
[White "Goga, Frantisek"]
[Black "Zelenka, Matej"]
[Result "1-0"]
[WhiteElo "1885"]
[BlackElo "1400"]
[PlyCount "95"]
[EventDate "2022.06.23"]
[EventType "swiss"]
[EventRounds "7"]
[EventCountry "SVK"]
[SourceTitle "CBM 209 Extra"]
[Source "ChessBase"]
[SourceDate "2022.09.30"]
[SourceVersion "1"]
[SourceVersionDate "2022.09.30"]
[SourceQuality "1"]

1. e4 c5 2. d4 cxd4 3. c3 e6 4. cxd4 d6 5. Nf3 Nf6 6. Nc3 Be7 7. Be2 0-0 8. 0-0 Nc6 9. h3 Bd7 10. Be3 a6 11. Qd2 Qc7 12. Rac1 b5 13. d5 Na7 14. Nxb5 Qb8 15. Bxa7 Rxa7 16. Nxa7 Qxa7 17. Qa5 Rb8 18. dxe6 fxe6 19. Rc7 Rb7 20. Rfc1 Nxe4 21. Rxb7 Qxf2+ 22. Kh1 Qg3 23. Rb8+ Bf8 24. Rxf8+ Kxf8 25. Qd8+ Be8 26. Qh4 Qxh4 27. Nxh4 Ng3+ 28. Kh2 Nxe2 29. Re1 Nd4 30. Nf3 Nxf3+ 31. gxf3 Ke7 32. f4 g6 33. Kg3 d5 34. Kf3 Kd6 35. Ke3 Bb5 36. Kd4 Ba4 37. b3 Bb5 38. Re3 Bc6 39. a3 Bb5 40. h4 Be8 41. Rc3 Bc6 42. Rc5 h6 43. Rc1 Bd7 44. Rg1 Be8 45. Rg3 h5 46. Rg2 a5 47. b4 a4 48. Rg1 1-0

[Event "SVK-chT3B2 2122"]
[Site "Slovakia"]
[Date "2022.05.22"]
[Round "11.8"]
[White "Zelenka, Matej"]
[Black "Kucera, Peter"]
[Result "1/2-1/2"]
[WhiteElo "1400"]
[BlackElo "1000"]
[PlyCount "84"]
[EventDate "2021.10.24"]
[EventType "team-tourn"]
[EventRounds "11"]
[EventCountry "SVK"]
[SourceTitle "EXT 2024"]
[Source "ChessBase"]
[SourceDate "2023.10.10"]
[SourceVersion "1"]
[SourceVersionDate "2023.10.10"]
[SourceQuality "1"]
[WhiteTeam "Dubnica nad Vahom IV"]
[BlackTeam "Belusa II"]
[WhiteTeamCountry "SVK"]
[BlackTeamCountry "SVK"]

1. e4 e5 2. Nf3 Nc6 3. Nc3 Bc5 4. Nxe5 Bxf2+ 5. Kxf2 Nxe5 6. Be2 d6 7. Rf1 Qh4+ 8. Kg1 Nf6 9. d4 Ng6 10. Nd5 Nxd5 11. exd5 0-0 12. c3 Bd7 13. g3 Qd8 14. Bf4 Nxf4 15. Rxf4 c6 16. Bd3 h6 17. dxc6 bxc6 18. Qf3 d5 19. Re1 Be6 20. Bf5 g5 21. Bxe6 gxf4 22. Qh5 Qg5 23. Qxg5+ hxg5 24. Bd7 Rab8 25. Bxc6 Rxb2 26. Bxd5 fxg3 27. hxg3 Rc2 28. Re3 Rb8 29. Bb3 Rd2 30. Re5 Kg7 31. Rxg5+ Kf6 32. Rg4 Rb7 33. d5 Ke5 34. c4 a5 35. c5 Rxb3 36. axb3 Kxd5 37. Rc4 Kc6 38. b4 axb4 39. Rxb4 Kxc5 40. Rb7 f5 41. Rf7 Rd5 42. Kf2 Kd6 1/2-1/2

[Event "Piestany Slovakia op"]
[Site "Piestany"]
[Date "2021.07.13"]
[Round "4"]
[White "Kollarik, Gorazd"]
[Black "Zelenka, Matej"]
[Result "1-0"]
[WhiteElo "1810"]
[BlackElo "1165"]
[PlyCount "67"]
[EventDate "2021.07.10"]
[EventType "swiss"]
[EventRounds "9"]
[EventCountry "SVK"]
[SourceTitle "CBM 203 Extra"]
[Source "ChessBase"]
[SourceDate "2021.09.30"]
[SourceVersion "1"]
[SourceVersionDate "2021.09.30"]
[SourceQuality "1"]

1. e4 d5 2. exd5 Qxd5 3. Nc3 Qa5 4. d4 Bf5 5. Nf3 Nf6 6. Bd2 c6 7. Bc4 e6 8. Nd5 Qd8 9. Nxf6+ gxf6 10. Bb3 Nd7 11. Qe2 a5 12. a4 Qb6 13. 0-0-0 0-0-0 14. Be3 Qc7 15. h3 Rg8 16. g3 Bd6 17. Kb1 Qb6 18. Ka1 Qc7 19. Nh4 Bg6 20. Nxg6 hxg6 21. h4 Rge8 22. Rd2 Nb6 23. Rc1 Kb8 24. Qf3 f5 25. c4 Bb4 26. Rdc2 Re7 27. Bf4 Bd6 28. Bxd6 Qxd6 29. c5 Qxd4 30. cxb6 Qxb6 31. Rc3 Red7 32. Rd1 Rd2 33. Rxd2 Rxd2 34. Qf4+ 1-0

[Event "Piestany Slovakia op"]
[Site "Piestany"]
[Date "2021.07.10"]
[Round "1"]
[White "Zelenka, Matej"]
[Black "Marsina, Stefan"]
[Result "0-1"]
[WhiteElo "1165"]
[BlackElo "1883"]
[PlyCount "88"]
[EventDate "2021.07.10"]
[EventType "swiss"]
[EventRounds "9"]
[EventCountry "SVK"]
[SourceTitle "CBM 203 Extra"]
[Source "ChessBase"]
[SourceDate "2021.09.30"]
[SourceVersion "1"]
[SourceVersionDate "2021.09.30"]
[SourceQuality "1"]

1. e4 e6 2. d4 d5 3. e5 c5 4. c3 Nc6 5. Nf3 Bd7 6. Be2 Nge7 7. Na3 Nf5 8. Nc2 h5 9. h4 Be7 10. g3 g6 11. 0-0 Rc8 12. Ng5 cxd4 13. cxd4 f6 14. exf6 Bxf6 15. Nf3 0-0 16. b3 Be7 17. Bb2 Bd6 18. Qd3 Qc7 19. Ng5 a6 20. Ne3 Nb4 21. Qb1 Bxg3 22. fxg3 Qxg3+ 23. Ng2 Nc2 24. Rf3 Qd6 25. Bd3 Nxa1 26. Bxa1 Qb4 27. Bf1 Qd2 28. Bb2 Rc2 29. Ba3 Qxd4+ 30. Kh1 Rfc8 31. Rf4 Qd2 32. Bb4 Qc1 33. Qxc1 Rxc1 34. Kg1 Ng3 35. Rf7 Bb5 36. Kh2 Nxf1+ 37. Kh3 Rd1 38. Nf4 Bd3 39. Nfxe6 Bf5+ 40. Kg2 Bxe6 41. Rf6 Bf5 42. Rf7 Be4+ 43. Kg1 Ng3+ 44. Kf2 Rf1+ 0-1

[Event "SVK-ch U10"]
[Site "Stara Lubovna"]
[Date "2021.07.03"]
[Round "9"]
[White "Sotnik, Simon"]
[Black "Zelenka, Matej"]
[Result "0-1"]
[WhiteElo "1000"]
[BlackElo "1165"]
[PlyCount "80"]
[EventDate "2021.06.26"]
[EventType "swiss"]
[EventRounds "9"]
[EventCountry "SVK"]
[SourceTitle "CBM 203 Extra"]
[Source "ChessBase"]
[SourceDate "2021.09.30"]
[SourceVersion "1"]
[SourceVersionDate "2021.09.30"]
[SourceQuality "1"]

1. c4 c6 2. Nc3 Nf6 3. Nf3 d5 4. e3 Bg4 5. Be2 Bxf3 6. Bxf3 dxc4 7. d4 cxd3 8. 0-0 e6 9. e4 Bb4 10. e5 Bxc3 11. exf6 Bxf6 12. Qb3 Qb6 13. Qxd3 Bxb2 14. Bxb2 Qxb2 15. Rfb1 Qe5 16. Re1 Qc7 17. Qc3 0-0 18. Qc2 Nd7 19. Be2 Nf6 20. g4 Qf4 21. h3 Rad8 22. Rad1 Rxd1 23. Qxd1 Ne4 24. Bf3 Nc3 25. Qd3 Nxa2 26. Re4 Qc1+ 27. Bd1 Nc3 28. Re1 Qb1 29. Qxc3 Rd8 30. Bc2 Qb5 31. Rd1 Rxd1+ 32. Bxd1 g6 33. Qd2 Qe5 34. Qd8+ Kg7 35. Qd7 a5 36. Qxb7 Qe1+ 37. Kg2 Qxd1 38. Qxc6 Qd5+ 39. Qxd5 exd5 40. Kf1 a4 0-1

[Event "SVK-ch U10"]
[Site "Stara Lubovna"]
[Date "2021.06.28"]
[Round "4"]
[White "Livnansky, Michal"]
[Black "Zelenka, Matej"]
[Result "1-0"]
[WhiteElo "1217"]
[BlackElo "1165"]
[PlyCount "51"]
[EventDate "2021.06.26"]
[EventType "swiss"]
[EventRounds "9"]
[EventCountry "SVK"]
[SourceTitle "CBM 203 Extra"]
[Source "ChessBase"]
[SourceDate "2021.09.30"]
[SourceVersion "1"]
[SourceVersionDate "2021.09.30"]
[SourceQuality "1"]

1. d4 d5 2. Nf3 Nf6 3. Bf4 e6 4. c4 c6 5. e3 Bd6 6. Bg3 0-0 7. Nc3 Bc7 8. Bd3 b6 9. 0-0 Ba6 10. cxd5 Bxg3 11. hxg3 Bxd3 12. Qxd3 exd5 13. Rac1 Re8 14. Rc2 Na6 15. Qxa6 Ng4 16. Qd3 f6 17. Rfc1 Re7 18. Ne2 Rc8 19. Rxc6 Rxc6 20. Rxc6 Qe8 21. Qc2 Qh5 22. Nf4 Qh6 23. Rc8+ Kf7 24. Nxd5 Rd7 25. Qc6 Rxd5 26. Qe8# 1-0

[Event "SVK-ch U10"]
[Site "Lubovna"]
[Date "2020.08.20"]
[Round "7"]
[White "Sun, Martin"]
[Black "Zelenka, Matej"]
[Result "0-1"]
[WhiteElo "1006"]
[BlackElo "1269"]
[PlyCount "36"]
[EventDate "2020.08.15"]
[EventType "swiss"]
[EventRounds "9"]
[EventCountry "SVK"]
[SourceTitle "EXT 2021"]
[Source "ChessBase"]
[SourceDate "2020.10.23"]
[SourceVersion "1"]
[SourceVersionDate "2020.10.23"]
[SourceQuality "1"]

1. e4 c5 2. Nc3 Nf6 3. Nf3 d6 4. Bc4 Nc6 5. Ng5 Ne5 6. Bb3 a6 7. f4 Neg4 8. Nxf7 Qc7 9. Nxh8 c4 10. Ba4+ b5 11. e5 Qb6 12. Qe2 Nxh2 13. Rxh2 Qg1+ 14. Qf1 Qxh2 15. Qf3 Qg1+ 16. Ke2 Bg4 17. exf6 Qxg2+ 18. Ke3 Qxf3+ 0-1

[Event "SVK-ch U10"]
[Site "Lubovna"]
[Date "2020.08.17"]
[Round "4"]
[White "Ropovik, Samuel"]
[Black "Zelenka, Matej"]
[Result "1-0"]
[WhiteElo "1149"]
[BlackElo "1269"]
[PlyCount "119"]
[EventDate "2020.08.15"]
[EventType "swiss"]
[EventRounds "9"]
[EventCountry "SVK"]
[SourceTitle "EXT 2021"]
[Source "ChessBase"]
[SourceDate "2020.10.23"]
[SourceVersion "1"]
[SourceVersionDate "2020.10.23"]
[SourceQuality "1"]

1. e4 e5 2. Nf3 Nc6 3. c4 Bc5 4. Nc3 Nf6 5. Nxe5 d6 6. Nxc6 bxc6 7. Be2 0-0 8. 0-0 Qd7 9. d4 Bb4 10. Bd3 Re8 11. Re1 c5 12. d5 c6 13. Bd2 Rb8 14. h3 Ba6 15. Qe2 Bc8 16. f3 cxd5 17. cxd5 Bxc3 18. Bxc3 Nxd5 19. Qf2 Nxc3 20. bxc3 Qb7 21. Rab1 Qc7 22. Rxb8 Qxb8 23. Qg3 Qb6 24. c4 Qa5 25. Rd1 Qc7 26. Be2 Rd8 27. e5 dxe5 28. Rxd8+ Qxd8 29. Qxe5 Qd4+ 30. Qxd4 cxd4 31. Kf2 g6 32. f4 f5 33. g4 h6 34. gxf5 Bxf5 35. Bg4 Kf7 36. Bxf5 gxf5 37. Ke2 Kg6 38. Kd3 Kh5 39. Kxd4 Kh4 40. c5 Kxh3 41. c6 Kg4 42. c7 Kxf4 43. c8Q h5 44. Qc1+ Kg4 45. Qg1+ Kf4 46. Qh2+ Kg4 47. Qg2+ Kf4 48. Qh3 Kg5 49. Qg3+ Kf6 50. Qf4 Kg6 51. Ke5 a5 52. Qxf5+ Kg7 53. Qxh5 a4 54. Kf5 a3 55. Qg6+ Kh8 56. Qd6 Kg7 57. Kg5 Kf7 58. Qf6+ Kg8 59. Qe7 Kh8 60. Kg6 1-0

[Event "SVK-ch U10"]
[Site "Lubovna"]
[Date "2020.08.16"]
[Round "2"]
[White "Zelenka, Matej"]
[Black "Mrocek, Mikulas"]
[Result "1-0"]
[WhiteElo "1269"]
[BlackElo "1000"]
[PlyCount "49"]
[EventDate "2020.08.15"]
[EventType "swiss"]
[EventRounds "9"]
[EventCountry "SVK"]
[SourceTitle "EXT 2021"]
[Source "ChessBase"]
[SourceDate "2020.10.23"]
[SourceVersion "1"]
[SourceVersionDate "2020.10.23"]
[SourceQuality "1"]

1. e4 d6 2. d4 c6 3. c4 e6 4. Nf3 Bd7 5. Bd3 Na6 6. 0-0 f6 7. Bd2 Be7 8. Re1 Nh6 9. Nh4 Nf7 10. f4 Nc7 11. Qg4 Rf8 12. Nc3 Rc8 13. Ne2 h6 14. Ng3 g6 15. Nxg6 Ra8 16. Nh5 Rg8 17. f5 Rxg6 18. Qxg6 Rc8 19. Qg8+ Bf8 20. Ng7+ Ke7 21. d5 cxd5 22. cxd5 Ba4 23. fxe6 Nxe6 24. dxe6 Bc6 25. Qxf7# 1-0